000 00624nam a2200193Ia 4500
005 20250508151529.0
008 008 250505s9999 xx 000 0 eng d
037 _aTextual
040 _aFEDL
_beng
_cFEDL
041 _aeng
_2eng
084 _a407, LON
_qFEDL
245 0 _aLanguage: Some suggestions for teachers of English and others in primary and secondary schools and in further education
245 0 _cLondon. HMSO
260 _aLondon, UK
_bHer Majesty's Stationery Office
_c1954
300 _a169p
490 _aMinistry of education; 26
942 _cTEXL
_h407, LON
999 _c1330393
_d1330393